[Event "EU-chT (Men) 14th"]
[Site "Plovdiv"]
[Date "2003.10.13"]
[Round "3.2"]
[White "Bareev, Evgeny"]
[Black "Mikhalchishin, Adrian"]
[Result "1-0"]
[WhiteElo "2739"]
[BlackElo "2522"]
[Annotator "Huzman,A"]
[PlyCount "95"]
[EventDate "2003.10.10"]
[EventType "team-swiss"]
[EventRounds "9"]
[EventCountry "BUL"]
[SourceTitle "CBM 098"]
[Source "ChessBase"]
[SourceDate "2004.02.03"]
[SourceVersion "1"]
[SourceVersionDate "2004.02.03"]
[SourceQuality "1"]
[WhiteTeam "Russia"]
[BlackTeam "Slovenia"]
[WhiteTeamCountry "RUS"]
[BlackTeamCountry "SLO"]

1. d4 d5 2. c4 dxc4 3. e4 Nf6 4. e5 Nd5 5. Bxc4 Nb6 6. Bd3 Nc6 7. Ne2 Bg4 8. f3
Be6 9. Nbc3 Bd5 10. Nxd5 Qxd5 (10... Nxd5 11. Qb3 Nb6 12. Be3 e6 13. O-O Nb4
14. Be4 N4d5 15. Bf2 c6 $14 {0-1 Mueller,A-Breier,A/Germany 1995/Juniors (42)})
11. Be4 Qd7 12. e6 $1 {[%mdl 544] This typical "stopping" pawn sac secures
White a lasting initiative for too little a price to talk about!} fxe6 13. Bxc6
$1 {An important link in White's plan: as soon as White's remaining B gets to
"e5", Black's K-side will get frozen} Qxc6 14. Bf4 Nd5 15. Rc1 Qb6 16. Be5 Rg8
(16... Qxb2 17. Qd3 Qb6 (17... a6 18. Rb1 Qxa2 19. Rxb7 $16) (17... c6 18. O-O
(18. Rb1 Qxa2 19. Rxb7 $16)) 18. O-O $44) 17. Nc3 c6 (17... Qxb2 18. Nxd5 exd5
19. O-O c6 20. f4 $1 (20. Rb1 Qxa2 21. Rxb7 $16) 20... g6 21. Qg4 $40) 18. Qe2
g5 19. O-O Rg6 20. Kh1 $16 Nf4 21. Qc2 Bg7 22. Na4 Qb5 23. Bxg7 Rxg7 24. Nc5
Rg6 25. Rfe1 b6 (25... O-O-O $142 26. Re4 $16) 26. a4 Qb4 27. Nxe6 $1 Qd6 (
27... Rc8 28. Nxf4 (28. d5 $5 Nxd5 29. Rcd1 $40) 28... gxf4 29. d5 c5 (29...
Qd6 30. Qe4 $16 (30. Qf5 Rc7 31. Rxc6 Rxc6 32. dxc6 $16)) 30. Re4 $18) 28. Nxf4
(28. Qxc6+ Qxc6 29. Rxc6 Kf7 30. d5 Nxd5 31. Re4 $14) 28... gxf4 29. Re4 $16 {
[%mdl 4]} O-O-O 30. Rce1 Rd7 31. h3 (31. a5 $5) 31... Kb7 32. Qc4 Rg5 33. Re6
Qd5 34. Qc2 (34. Qc1 $1 Rg6 35. Rxe7 Qxd4 36. Rxd7+ Qxd7 37. Qxf4 $18) 34...
Rg6 35. Rxe7 Qxd4 36. Rxh7 Rxh7 37. Qxg6 {White has just turned his
strategical advantage into a material one, and from here on he marches all the
way to a victory} Rd7 $16 38. Qf5 Qd2 39. Re8 Rc7 40. a5 $1 bxa5 41. Qf8 Ka6
42. Kh2 Rd7 43. Rb8 Rc7 44. Qf5 Qd4 45. b4 $1 axb4 46. Qc2 Qd5 47. Rxb4 Qg5 48.
Qa2+ 1-0

[Event "Moscow Aeroflot op-A"]
[Site "Moscow"]
[Date "2004.02.24"]
[Round "8"]
[White "Van Wely, Loek"]
[Black "Sasikiran, Krishnan"]
[Result "1/2-1/2"]
[WhiteElo "2617"]
[BlackElo "2654"]
[Annotator "Huzman,A"]
[PlyCount "106"]
[EventDate "2004.02.17"]
[EventType "swiss"]
[EventRounds "9"]
[EventCountry "RUS"]
[SourceTitle "CBM 100"]
[Source "ChessBase"]
[SourceDate "2004.06.01"]
[SourceVersion "1"]
[SourceVersionDate "2004.06.01"]
[SourceQuality "1"]

1. d4 d5 2. c4 dxc4 3. e4 e5 4. Nf3 exd4 5. Bxc4 Nc6 6. O-O Be6 7. Bxe6 fxe6 8.
Qb3 Qd7 9. Qxb7 Rb8 10. Qa6 Nf6 11. Nbd2 Bd6 12. b3 O-O 13. Bb2 Bf4 (13... Rb6
14. Qd3 Nh5 15. Nc4 Nf4 16. Nxb6 axb6 17. Qd1 e5 18. Ne1 Rf6 19. Bc1 $16 {
1-0 Postny,E-Mikhalevski,V/Tel Aviv 2001/CBM 81 ext (59)}) (13... Ng4 14. h3
Nge5 15. Nxe5 Bxe5 16. Nf3 Rxf3 17. gxf3 Qf7 18. Rfd1 Qxf3 19. Qd3 Qh5 20. Ba3
Bf4 21. Kg2 Ne5 22. Qxd4 Qf3+ 23. Kf1 Qxh3+ 24. Ke2 Qh5+ 25. Kf1 Ng4 26. Qd3
Qh4 {0-1 Luehrig,W-Bandiera,A/IECG 2001/Complete 2001 (26)}) 14. Qd3 (14. Rac1
Rb6 (14... Nb4 15. Qxa7 Nd3 16. Rc2 Ra8 17. Qxd4 Rxa2 18. Qc3 Nxb2 19. Rxb2
Rxb2 20. Qxb2 Bxd2 21. Nxd2 Rd8 22. Nf3 Nxe4 $14) 15. Qd3 Nb4 16. Qxd4 Rd8 (
16... Nxa2 17. Qxd7 Nxd7 18. Ra1 $14) 17. a3 (17. Qxd7 Rxd7 18. a3 Bxd2 19.
Nxd2 Rxd2 20. Bc3 Nd3 21. Bxd2 Nxc1 22. Rxc1 Nxe4 $11) 17... Nd3 18. Qxd7 Nxd7
19. Rc2 Nxb2 20. Rxb2 Ne5 $44) 14... Rbd8 (14... Bxd2 15. Nxd2 Nh5 16. g3 e5
17. Qc4+ Kh8 18. Rac1 $16) (14... e5 15. Ba3 Rf7 16. Nc4 $14) 15. Nc4 {White
try to blocade the position.If they can do it the next step will be the
further seizure of the space.} Nb4 {Black try destabilize the position.But
with exchange sacrifise White get clear advantage.} (15... e5 16. Ba3 Rfe8 17.
g3 Qg4 18. Kh1 Bh6 19. Rae1 $14) 16. Qxd4 Qe7 (16... Qb5 $5 17. Na3 (17. Qc3
Rd3 18. Na3 Qh5 19. Qxb4 Rxf3 $19) 17... Qb7 18. Qc4 Qxe4 19. Rae1 (19. Bd4 $5
Nbd5 20. Bxa7 Qg6 21. Nc2 Bd6 $44) 19... Qxc4 20. Nxc4 Nxa2 21. Nd4 $16) 17.
Qxa7 Ra8 18. Bxf6 $1 gxf6 19. Qd4 Nc2 20. Qc3 Nxa1 21. Rxa1 $44 {Two extra
pawns, "bad" Bf4 give White more than enough compensation for the sacrifised
exchange.} c5 22. g3 Bh6 23. Qc2 (23. e5 $5 Bg7 24. Qe3 $14) 23... Qb7 $1 {
[%cal Yf6f5]} 24. h4 f5 $132 {[%mdl 256]} 25. Re1 Rad8 26. Kg2 Rf6 (26... f4
27. g4 Bg7 28. e5 Rd5 29. Kh2 $16) 27. e5 Rg6 (27... Rff8 28. Nd6 Qb4 29. a3 $1
Qxa3 30. Qc4 $18) 28. Nd6 Qb4 29. Rd1 Rf8 {[%cal Yf5f4]} (29... Bf8 30. Rc1
Bxd6 31. exd6 Rxd6 32. Qxc5 Qxc5 33. Rxc5 Rg7 34. Ne5 $16) 30. Qc4 {In case of
Black counterplay White exchange the queens.} f4 31. h5 Qxc4 32. Nxc4 (32. bxc4
$5 Rg7 33. Ne4 fxg3 34. fxg3 Ra7 (34... Ra8 35. a4 Rxa4 36. Nf6+ Kf8 37. Rd8+
Ke7 38. Rd7+ Kf8 39. Nxh7+ Kg8 40. Nf6+ Kf8 41. Rd8+ Ke7 42. Rb8 Ra2+ 43. Kh3
Ra3 $14) 35. Nf6+ Kg7 36. g4 Bf4 37. g5 Rxa2+ 38. Kh3 $36 {[%cal Gh3g4]}) 32...
Rg7 33. Rd3 (33. Nd6 fxg3 34. fxg3 Ra8 35. a4 Rg4 $132) 33... fxg3 34. fxg3 Rg4
(34... Bf4 35. Ng1 $16 {[%cal Gg1e2]}) 35. a4 $6 (35. Kh3 $5 Rg7 36. a4 Rb8 37.
Nd6 $16) 35... Bf4 36. Ng1 Bg5 (36... Rf5 $2 37. Ne2 Bxe5 38. Ne3 $18) 37. a5
Rd4 38. Rxd4 $6 (38. Rc3 $1 Bd2 39. Rf3 Ra8 40. Ne2 Re4 41. Nf4 Bxf4 (41...
Bxa5 42. Nxe6 $16) 42. gxf4 Rf8 43. Kg3 Re1 $14) 38... cxd4 39. Nf3 Be3 40. Ne1
Rb8 41. Nd3 Rxb3 42. a6 $1 Rb1 (42... Rc3 $1 43. a7 Rc2+ 44. Kf3 Ra2 45. Nc5
Rxa7 46. Nxe6 Kf7 47. Nc5 $11) 43. Kf3 Ra1 44. Nc5 Bg1 45. Ke4 d3 $1 (45... Kf7
46. Kd3 $14) 46. Nxe6 Rxa6 47. Ng5 Bh2 (47... Ra3 48. Nf3 Rc3 49. Nb2 d2 50.
Nxd2 Rxg3 $11) 48. g4 d2 (48... Bxe5 $5 49. Kxe5 Ra5+ 50. Kf6 Ra6+ 51. Kf5 (51.
Ke7 Ra4 52. Nd2 Rxg4 $15) 51... Ra5+ $11) 49. Nxd2 Ra4+ 50. Kf5 Rf4+ 51. Ke6
Rxg4 52. Nde4 Kg7 53. Kd5 Bxe5 (53... Bxe5 54. Kxe5 Rxg5+ 55. Nxg5 Kh6 $11)
1/2-1/2

[Event "EU-ch 2nd"]
[Site "Ohrid"]
[Date "2001.06.01"]
[Round "1"]
[White "Greenfeld, Alon"]
[Black "Hillarp Persson, Tiger"]
[Result "1/2-1/2"]
[WhiteElo "2570"]
[BlackElo "2443"]
[Annotator "Huzman,A"]
[PlyCount "54"]
[EventDate "2001.06.01"]
[EventType "swiss"]
[EventRounds "13"]
[EventCountry "YUG"]
[SourceTitle "CBM 084"]
[Source "ChessBase"]
[SourceDate "2001.09.13"]
[SourceVersion "1"]
[SourceVersionDate "2001.09.13"]
[SourceQuality "1"]

1. d4 d5 2. c4 dxc4 3. e3 e5 4. Bxc4 Nc6 5. d5 Na5 6. Qa4+ c6 7. dxc6 Nxc6 8.
Nf3 Bb4+ (8... Bd6 9. Nc3 Nf6 10. e4 (10. Ng5 O-O 11. Qc2 h6 12. Nge4 Bf5 13.
Nxf6+ Qxf6 14. e4 Be6 15. Bxe6 Nd4 16. Qd3 fxe6 17. O-O Rad8 18. Be3 Qh4 $36 {
0-1 Meleghegyi,C-Korolev,S/Ch World (team) (corr.), corr. 1997 (26)}) 10... h6
11. h3 a6 12. Bd2 Bd7 13. Qd1 b5 14. Be3 Qe7 15. Nd5 Nxd5 16. Bxd5 Bb4+ 17. Bd2
Bxd2+ 18. Qxd2 O-O 19. O-O Rac8 20. a3 Rfd8 21. Rad1 Qf6 22. Qe3 Ne7 23. Bb3
Ng6 24. Kh2 Nf4 $11 {1-0 Alfven,J-Carlson,M/Sweden 1983 (37)}) 9. Nbd2 (9. Bd2
Bd6 10. Nc3 Nf6 11. Ng5 O-O 12. Nge4 Nxe4 13. Nxe4 Be7 14. Bc3 Bd7 15. O-O Qc7
16. Qd1 Bf5 17. Ng3 Rad8 18. Qe2 Bg6 19. Rac1 Qb6 20. Rfd1 Kh8 21. Rxd8 Bxd8
22. Bd5 $36 {1/2-1/2 Peckford,W-Jung,H/Toronto 1996/EXT 98 (34)}) 9... Qe7 10.
a3 Bd6 11. Ne4 Nf6 (11... Bc7 12. Bd2 Bd7 13. Qb3 Rb8 14. Rd1 $36) 12. Nxd6+
Qxd6 13. b4 O-O (13... Bg4 14. b5 Ne7 15. Bb2 Bxf3 16. gxf3 $36) 14. b5 e4 $1 (
14... Ne7 15. Bb2 Ng6 16. Rd1 Qe7) 15. bxc6 exf3 16. gxf3 bxc6 17. Bb2 Be6 (
17... Rd8 18. Rd1 Qxd1+ 19. Qxd1 Rxd1+ 20. Kxd1 $14) 18. Rd1 Qe7 19. Rg1 (19.
Bd3 Rab8 20. Ba1 {[%cal Ga4h4]}) 19... Rfd8 20. Bd3 Ne8 (20... Rab8 21. Bxh7+
Kxh7 22. Qh4+ Kg8 23. Bxf6 Rxd1+ 24. Kxd1 Qd6+ 25. Ke2 Bc4+ 26. Qxc4 Qxf6 27.
Rc1 $16) 21. Qe4 (21. Qxc6 $5 Qh4 22. Ke2 $16) 21... g6 22. f4 (22. Qxc6 Rac8
23. Qe4 Qc7 24. Rg3 Rb8 $132) 22... Rd5 23. Qb4 (23. f5 $1 Rb8 (23... Rxf5 24.
Qd4 Rf6 25. Qa4 $16 Rd8 26. Bxf6 Nxf6) 24. Ba1 (24. fxg6 hxg6 25. Rxg6+ fxg6
26. Qxg6+ Kf8 27. Qh6+ Kg8 $11) 24... Rb3 25. fxe6 Nd6 26. Qf4 Rbxd3 27. Rxd3
Rxd3 28. Qe5 f6 29. Qxf6 Qxf6 30. Bxf6 Rxa3 31. Rg4 $16) 23... Qxb4+ 24. axb4
Rb8 $11 25. Bc3 a5 26. bxa5 (26. e4 Rxd3 (26... Rh5 27. bxa5 $16) 27. Rxd3 axb4
28. Be5 Ra8 $44) 26... Rb3 27. Bd4 (27. Kd2 Nd6 28. Kc2 (28. Bd4 Rxa5 29. Ra1
Rba3 (29... Raa3 30. Bc2 Nc4+ 31. Ke2 Rb8 32. Rxa3 Nxa3 33. Be4 $14) 30. Rxa3
Rxa3 31. Rc1 Ra2+ 32. Ke1 Bd5 $11) 28... Rc5 29. Bc4 Rxc3+ 30. Kxc3 Nxc4 (30...
Rxc4+ 31. Kb2 (31. Kd3 Ra4 32. Ra1 Ba2 $17) 31... Rb4+ 32. Kc3 Rc4+ $11)) 27...
Rxa5 1/2-1/2

[Event "Poikovsky Karpov 02nd"]
[Site "Poikovsky"]
[Date "2001.05.05"]
[Round "5"]
[White "Onischuk, Alexander"]
[Black "Rublevsky, Sergei"]
[Result "1/2-1/2"]
[WhiteElo "2658"]
[BlackElo "2657"]
[Annotator "Huzman,A"]
[PlyCount "67"]
[EventDate "2001.05.05"]
[EventType "tourn"]
[EventRounds "9"]
[EventCountry "RUS"]
[EventCategory "15"]
[SourceTitle "CBM 084"]
[Source "ChessBase"]
[SourceDate "2001.09.13"]
[SourceVersion "1"]
[SourceVersionDate "2001.09.13"]
[SourceQuality "1"]

1. d4 d5 2. c4 dxc4 3. e4 e5 4. Nf3 exd4 5. Bxc4 Bb4+ 6. Bd2 Bxd2+ 7. Nbxd2 Qf6
8. O-O Ne7 9. Nb3 Nbc6 10. Nfxd4 O-O 11. Nxc6 (11. Qf3 Qxf3 (11... Qg6 $6 12.
Qf4 $1 {><c7} Bh3 13. Qg3 Nxd4 14. Nxd4 Rad8 15. Qxg6 Nxg6 16. Rfd1 Ne5 $1 17.
Be2 $6 {1/2-1/2 Agrest,E-Rublevsky,S/Sankt_Peterburg (zt) 1993/Inf 57/[Agrest,
E] (31)} (17. Bb3 $14 {(Agrest,E) |^})) 12. Nxf3 Bg4 13. Nfd4 (13. Rfc1 $1 $14
{Agrest,E}) 13... Nxd4 14. Nxd4 Rad8 15. Nb3 b6 16. f3 Be6 17. Bxe6 fxe6 18.
Rfd1 c5 19. Kf2 Ng6 $11 {1/2-1/2 Pospelov,E-Rublevsky,S/Kurgan 1993/CBM 38 ext
(31)}) 11... Nxc6 12. Qc2 {[%cal Gf2f4,Ge4e5]} (12. Qe2 Ne5 $132) 12... Qe7 13.
Rfd1 $6 (13. f4 Rd8 (13... a5 14. Rad1 a4 15. Nd4 $14) (13... Kh8 14. e5 f6 15.
e6) 14. e5 g6 15. Qc3 $14) 13... Ne5 14. Be2 b6 15. f4 Ng6 16. g3 Bb7 17. Bf3
Rfe8 $132 18. Nd2 Rad8 19. Qc3 f6 (19... c5 $1 20. e5 Bxf3 21. Qxf3 (21. Nxf3
Qe6 22. b3 $11) 21... f6 $15) 20. b4 $1 {[%csl Rc7]} Rd7 21. Nb3 Nf8 (21...
Bxe4 22. Re1 (22. Bxe4 Rxd1+ 23. Rxd1 Qxe4 24. Qxc7 Qe3+ $19) 22... f5 23. Nd2
Rd3 24. Qc4+ Kh8 25. Nxe4 Rxf3 26. Ng5 Re3 27. Nf7+ Kg8 28. Ne5+ $18) 22. Rxd7
Nxd7 23. Nd4 (23. Qxc7 $2 Ne5 24. Qxe7 Nxf3+ 25. Kf2 Rxe7 26. Kxf3 Rxe4 $19) (
23. Rd1 c5 (23... Nf8 $142) 24. e5 (24. Qd3 Nf8 25. bxc5 Bxe4 26. Qxe4 Qxe4 27.
Bxe4 Rxe4 28. c6 Rc4 29. Rd6 (29. Rc1 Rxc1+ 30. Nxc1 Ne6) 29... Kf7 30. Nd4 g6
31. Kf2 Ke7 $17) 24... Bxf3 25. Qxf3 $36) 23... c5 24. Qc4+ Kf8 25. Nf5 Qe6 $11
26. Qxe6 Rxe6 27. Rd1 Bc6 28. Nd6 {[%cal Gf3g4]} Ba4 29. Rd5 cxb4 30. Bg4 Re7
31. Nc8 Re8 32. Bxd7 (32. Rxd7 Bxd7 33. Bxd7 Rxe4 $17) 32... Bxd7 33. Rxd7 Rxc8
34. Rxa7 1/2-1/2

[Event "Moscow Aeroflot op-A"]
[Site "Moscow"]
[Date "2004.02.24"]
[Round "8"]
[White "Zhang, Zhong"]
[Black "Sorokin, Maxim"]
[Result "1/2-1/2"]
[WhiteElo "2639"]
[BlackElo "2574"]
[Annotator "Huzman,A"]
[PlyCount "99"]
[EventDate "2004.02.17"]
[EventType "swiss"]
[EventRounds "9"]
[EventCountry "RUS"]
[SourceTitle "CBM 100"]
[Source "ChessBase"]
[SourceDate "2004.06.01"]
[SourceVersion "1"]
[SourceVersionDate "2004.06.01"]
[SourceQuality "1"]

1. d4 d5 2. c4 dxc4 3. e4 e5 4. Nf3 Bb4+ 5. Bd2 Bxd2+ 6. Nbxd2 exd4 7. Bxc4 Qf6
8. O-O Ne7 9. e5 Qg6 10. Nxd4 Nbc6 11. Nxc6 (11. N2f3 O-O 12. e6 Bxe6 (12...
fxe6 13. Nb5 (13. Re1 Nxd4 (13... Rd8 14. Bxe6+ Bxe6 15. Rxe6 Qf7 16. Qe2 $11)
14. Nxd4 (14. Ne5 Nf3+ 15. Nxf3 Nd5 16. Bxd5 exd5 17. Qxd5+ Qf7 18. Qd4 (18.
Qxf7+ Rxf7 19. Ng5 Rf8 20. Rac1 h6 21. Ne4 Rf7 22. Rcd1 Bf5 $11 {1/2-1/2 Dreev,
A-Rudolph,J/Frankfurt 2000/CBM 76 ext (48)}) 18... Bf5 19. Rac1 c6 20. a3 Qf6
$11 {1/2-1/2 Volkov,S-Rublevsky,S/Ekaterinburg 2002/CBM 90/[Huzman] (35)})
14... Rd8 $5 15. Nxe6 {1/2-1/2 Sakaev,K-Rublevsky,S/Jugoslavija 79/(356) 2000/
(15)}) 13... Rd8 (13... Kh8 14. Nxc7 Rb8 15. Qe2 Nd5 $1 16. Nxd5 exd5 17. Bxd5
Bg4 18. Qe4 Qh5 19. Qc4 Na5 20. Qb4 Nc6 $44 {1/2-1/2 Shirov,A-Spangenberg,H/
Buenos Aires 1993/ (32)}) (13... Nd5 14. Bxd5 exd5 15. Nxc7 Rb8 16. Qxd5+ Kh8
17. Rae1 Bg4 18. Ne5 Nxe5 19. Qxe5 Rbd8 20. Re3 Rd2 21. Qc5 Qf6 22. h3 b6 23.
Qb4 Rd4 24. Qa3 Bc8 25. Ne8 $18 {1-0 Karpov,A-Spangenberg,H/Buenos Aires 1994/
EXT 97 (68)}) 14. Qb1 (14. Qb3 $5 Na5 15. Qa3 $44) 14... Qxb1 15. Raxb1 Nd5 16.
Rbd1 Rb8 17. Rfe1 Nb6 (17... a6 $5) 18. Bb3 Rxd1 19. Rxd1 Nd5 20. h3 Nce7 21.
Ne5 $16 {1-0 Karpov,A-Spangenberg,H/Buenos Aires 1994/EXT 98 (67)}) 13. Nxe6
fxe6 14. Re1 Kh8 15. Rxe6 Qg4 16. Qe2 Ng6 17. h3 Qf5 18. Bd3 Nf4 19. Bxf5 Nxe2+
20. Rxe2 Rxf5 21. Rd1 $14 {Komarov,D-Rublevsky,S/Jugoslavija 76/(360) 1999/
[Rublevsky,S] (27)}) (11. Bb5 O-O 12. Nxc6 Nxc6 $10 {Miles,A-Dlugy,M/Tunis 
(izt)/1985/}) 11... Nxc6 12. f4 O-O 13. Nf3 Bg4 $1 $146 {Black neutralize
initiative of White by this strong and very logical move.} (13... Qe4 14. Qc1
Be6 (14... Nd4 15. Qc3 Nxf3+ 16. Rxf3 $36 {[%cal Ga1e1]}) 15. Bxe6 fxe6 16. Ng5
Qg6 17. Qc4 Rae8 18. Rae1 h6 19. Ne4 Re7 20. b4 $16 {0-1 Michaelsen,N-Blauert,
J/Germany 2000/CBM 74 ext (32)}) 14. Bd3 Qh6 15. Qb1 (15. Qc1 Rad8 16. Be4 (16.
Qe3 Nb4 17. Be4 Nd5 $11) 16... Nd4 $1 17. Nxd4 Rxd4 18. Bxb7 Qb6 19. Qc6 Qxb2
$36 {[%cal Yd4d2]}) (15. Qa4 $5 Rad8 16. Rad1 Ne7 {[%cal Ye7d5]} (16... Bxf3
17. Rxf3 Rd4 18. Bxh7+ Qxh7 19. Rxd4 Nxd4 20. Qxd4 Qb1+ 21. Rf1 Qxa2 22. f5 $40
) 17. Qxa7 (17. Kh1 Nd5 18. Qxa7 b6 {[%cal Yd5e3,Yd5f4]}) (17. Be4 Qb6+ 18. Kh1
Nf5 $11) 17... Qxf4 18. Qc5 Nc6 19. e6 $1 Bxe6 20. Bxh7+ Kh8 21. Ng5 Qe5 22.
Nxe6 Qxc5+ 23. Nxc5 Kxh7 24. Nd7 Rfe8 25. Rxf7 Ne5 26. Nf6+ Kg6 27. Rfd7 Rxd7
28. Nxd7 Nxd7 29. Rxd7 Re2 30. b4 Rc2 $14) 15... Qxf4 (15... Rad8 16. Ng5 Nxe5
17. Bxh7+ Kh8 18. Qc2 f6 19. fxe5 (19. Be4 Nc6 20. Nf3 Qxf4 21. Bxc6 bxc6 22.
Qxc6 $11) 19... Qxg5 20. exf6 Rxf6 $11) 16. Bxh7+ Kh8 17. Qe4 Qxe4 18. Bxe4
Bxf3 19. Rxf3 Nxe5 20. Rb3 Rab8 $11 21. Bxb7 Rfd8 (21... c6 $5 22. Rd1 Rfe8 23.
Rd6 Re7 24. Bxc6 Rxb3 25. axb3 Nxc6 26. Rxc6 Re2 27. Rc7 Rxb2 $11) 22. Bd5 Rb6
$1 23. Rh3+ Kg8 24. Bb3 c5 {[%csl Rb2]} 25. Re3 c4 26. Bd1 $6 (26. Rxe5 cxb3
27. axb3 Rxb3 $11) 26... f6 $15 27. b3 Rd2 (27... Rd3 $5 28. Rxd3 (28. Kf2 Rxd1
29. Rxd1 Ng4+ 30. Kf3 Nxe3 31. Kxe3 cxb3 $17) 28... cxd3 29. Rc1 $15) 28. Kf1
Rb2 29. bxc4 Nxc4 30. Rd3 (30. Bb3 R6xb3 31. Rxb3 Nd2+ 32. Kg1 Nxb3 33. axb3
$11) 30... Rb1 31. Rxb1 Rxb1 32. Kf2 Rb2+ 33. Kg3 $11 Nd2 34. a3 (34. Ra3 $5)
34... Kf8 35. Rd8+ Ke7 36. Ra8 Rb7 37. Kf4 $6 (37. Rc8 $11) 37... Nc4 38. Bf3
Rd7 (38... Rc7 $142 39. a4 Nb6 40. Rg8 Kf7 $17) 39. a4 Nb6 40. Rb8 Nxa4 41. Bc6
Rd4+ 42. Kf5 $2 (42. Ke3 Rc4 43. Rb7+ Kd6 44. Bxa4 Rxa4 45. Rxg7 $11) 42... Nc5
43. Ra8 a6 44. Ra7+ Kf8 (44... Kd6 45. Bf3 $11) 45. h3 Nd3 (45... Rd6 46. Ra8+
Ke7 47. Ra7+ $11) 46. Ra8+ Kf7 47. Be8+ Ke7 48. Kg6 Nf4+ 49. Kxg7 Nxg2 50. Bg6
(50. Bg6 Rd6 51. Re8+ Kd7 52. Rf8 Nf4 53. Bf5+ $11) 1/2-1/2

[Event "FIDE World Cup"]
[Site "Khanty-Mansiysk"]
[Date "2005.11.28"]
[Round "1.2"]
[White "Dao, Thien Hai"]
[Black "Rublevsky, Sergei"]
[Result "1/2-1/2"]
[WhiteElo "2581"]
[BlackElo "2652"]
[Annotator "Huzman,A"]
[PlyCount "54"]
[EventDate "2005.11.27"]
[EventType "k.o."]
[EventRounds "7"]
[EventCountry "RUS"]
[SourceTitle "CBM 111"]
[Source "ChessBase"]
[SourceDate "2006.04.04"]
[SourceVersion "1"]
[SourceVersionDate "2006.04.04"]
[SourceQuality "1"]

1. d4 d5 2. c4 dxc4 3. e4 e5 4. Nf3 Bb4+ 5. Nc3 exd4 6. Nxd4 Ne7 7. Bxc4 Nbc6
8. Be3 O-O 9. Ndb5 Ba5 10. O-O a6 11. Nd4 Nxd4 12. Bxd4 Qd6 13. Be3 (13. Rc1
Be6 14. Bxe6 Qxe6 15. Bc5 Rfd8 16. Qb3 Qxb3 17. axb3 Bxc3 18. Bxe7 Rd7 19. Rxc3
Rxe7 20. Rd1 Rf8 {1/2-1/2 Volkov,S-Rublevsky,S/Saint Vincent ITA 2005/(20)}) (
13. Re1 Be6 14. Bxe6 Qxe6 15. Bc5 Rfd8 16. Qb3 Qxb3 17. axb3 Nc6 18. Be3 {
1/2-1/2 Volkov,S-Rublevsky,S/Saint Vincent ITA 2005/(18)}) 13... Be6 14. Be2 (
14. Qb3 Bxc4 15. Qxc4 Qc6 16. Qxc6 Nxc6 17. Nd5 Rfe8 18. f3 {1/2-1/2 Khalifman,
A-Tkachiev,V/Shenyang 2000/CBM 79 (18)} f5 19. Bc5 (19. exf5 Rad8 $17) 19...
fxe4 20. b4 Rad8 21. fxe4 b6 $11) 14... Bxc3 15. bxc3 ({In case of} 15. Qxd6
cxd6 16. bxc3 f5 $5 (16... d5 17. e5 Rac8 18. Rfc1 (18. Rfb1 Nf5 19. Bd2 d4 20.
Rc1 Rc5 $11) 18... Nf5 19. Bf4 Rc7 20. a4 Rfc8 21. Rab1 b5 22. axb5 axb5 23.
Rxb5 Rxc3 $11) 17. Bg5 Rfe8 18. exf5 Nxf5 19. Rfd1 h6 20. Bf4 Rac8 {Black gets
a sufficient counterplay along the c-file} 21. Bf3 b5 22. Bb7 Rxc3 23. Bxa6 Bc4
$11) 15... Qc6 $1 {Going for a blockade. By occupying the "c4" square, Black
fully neutralizes the Bs pair.} 16. Qd4 (16. Qc2 Bc4 $11) 16... Rfd8 17. Qb4 (
17. Qc5 Qxc5 18. Bxc5 Rd2 $11) 17... Ng6 18. Rfd1 (18. f4 a5 19. Qc5 (19. Qb1
Bc4 $11) 19... Qxc5 20. Bxc5 Rd2 $15) 18... Ne5 {[%csl Rc4]} 19. Rd4 Rd6 (19...
Rxd4 $6 20. cxd4 Qxe4 21. Qb1 Qxb1+ 22. Rxb1 Nc4 23. Rxb7 Nxe3 24. fxe3 Bxa2
25. Rxc7 $14) 20. Rad1 (20. Rxd6 cxd6 21. Rd1 a5 $1 22. Qxd6 (22. Qb1 Bc4 $11)
22... Qxd6 23. Rxd6 Bxa2 {[%cal Ya5a1]}) 20... a5 21. Qa3 Nc4 22. Bxc4 Bxc4 23.
f3 Rxd4 24. cxd4 b5 25. Qb2 (25. d5 Qd7 26. Qb2 f5 $132) 25... f5 $1 26. d5 Qd7
27. exf5 Qxf5 {Black is slightly advantageous, but he is fully satisfied with
a match-winning draw.} 1/2-1/2